• 首页
  • 本馆介绍
  • 公告通知
  • 最新文献
  • 馆藏检索
  • 电子资源
  • 读者导购
  • 参考咨询
  • 我的图书馆
  • 登录
  • 详细信息显示
  • 放入我的书架
  • 预约/预借图书
  • 作者相关作品
  • 分类相关作品
  • 丛书相关作品
  • 出版社相关作品

书目信息

  • 表格格式
  • 工作单格式
  • 卡片格式
题名:
进化的挑战
    
 
作者: 洛耶 编著 ;胡恩华 译
分册:  
出版信息: 北京   社会科学文献出版社  2004
页数: 16,366页
开本: 20cm
丛书名: 广义进化研究译丛
单 册:
中图分类: Q111 , N02-55
科图分类:
主题词: 进化论--研究 , 自然科学--哲学理论
电子资源:
ISBN: 7-80190-306-4
000 01173oam2 2200325 450
001 1558686843
005 20150118161846.82
010    @a7-80190-306-4@dCNY28.00
100    @a20040802d2004 em y0chiy50 ea
101 1  @achi@ceng
102    @aCN@b110000
105    @ay z 000yy
200 1  @a进化的挑战@9jin hua de tiao zhan@e人类动因对进化的冲击@f(美)D.洛耶(David Loye)编著@g胡恩华等译
210    @a北京@c社会科学文献出版社@d2004
215    @a16,366页@d20cm
225 2  @a广义进化研究译丛@i宇宙进化系列
305    @a据Adamantime Press Limited 出版公司1998年第1版译出
330    @a本书分为三部分,汇集了16位来自不同学科的权威专家对达尔文进化论、新达尔文进化论、综合进化论和社会进化论的研究见解。
461  0 @12001 @a广义进化研究译丛
462  0 @1001002768017
510 1  @aThe Evolutionary Outrider@zeng
517 1  @a人类动因对进化的冲击@9ren lei dong yin dui jin hua de chong ji
606 0  @a进化论@x研究
606 0  @a自然科学@x哲学理论
690    @aQ111@v5
690    @aN02-55@v4
701  0 @c(美)@a洛耶@9luo ye@c(Loye, David)@4编著
702  0 @a胡恩华@9hu en hua@c(社会科学)@4译
801  0 @aCN@bTSSF@c20150118
905    @aZUCC@dN02-55@eJY16
    
    进化的挑战:人类动因对进化的冲击/(美)D.洛耶(David Loye)编著/胡恩华等译.-北京:社会科学文献出版社,2004
    16,366页;20cm.-(广义进化研究译丛.宇宙进化系列)
    
    
    ISBN 7-80190-306-4:CNY28.00
    本书分为三部分,汇集了16位来自不同学科的权威专家对达尔文进化论、新达尔文进化论、综合进化论和社会进化论的研究见解。
●
相关链接 在E读中查询图书 在五车中查询图书 在当当中查询图书 在豆瓣中查询图书


正题名:进化的挑战     索取号:N02-55/JY16         预约/预借

序号 登录号 条形码 馆藏地/架位号 状态 备注
1 7848925   278489253   学院路分馆/ [索取号:N02-55/JY16] 在馆    
2 7848926   278489262   学院路分馆/ [索取号:N02-55/JY16] 在馆    
3 7848927   278489271   学院路分馆/ [索取号:N02-55/JY16] 在馆    
4 7848928   278489280   学院路分馆/ [索取号:N02-55/JY16] 在馆    
唐山师范学院图书馆 欢迎您!
大连网信软件有限公司© 版权所有